Central Library OPAC University of Rajshahi

Problems of corporate power / (Record no. 19223)

MARC details
000 -LEADER
fixed length control field 00865nam a2200265 a 4500
001 - CONTROL NUMBER
control field 19223
003 - CONTROL NUMBER IDENTIFIER
rucl marc code BD-RjUL
005 - DATE AND TIME OF LATEST TRANSACTION
control field 20211209000413.0
008 - FIXED-LENGTH DATA ELEMENTS--GENERAL INFORMATION
fixed length control field 140223s1966 ilu b 000 0 eng d
035 ## - SYSTEM CONTROL NUMBER
System control number (BD-RjUL)
System control number (BD-RjUL)19281
040 ## - CATALOGING SOURCE
Original cataloging agency VU
Language of cataloging eng
Transcribing agency VU
Modifying agency ABN-SNR
-- BD-RjUL
041 ## - LANGUAGE CODE
Language code of text/sound track or separate title eng
082 04 - DEWEY DECIMAL CLASSIFICATION NUMBER
Classification number 658
Edition number 19
Author mark and year COP
100 1# - MAIN ENTRY--PERSONAL NAME
Personal name Cook, Paul W.
Fuller form of name (Paul West)
9 (RLIN) 59152
245 10 - TITLE STATEMENT
Title Problems of corporate power /
Statement of responsibility, etc. Paul W. Cook and George von Peterffy.
260 ## - PUBLICATION, DISTRIBUTION, ETC. (IMPRINT)
Place of publication, distribution, etc. Homewood, Ill. :
Name of publisher, distributor, etc. R.D. Irwin,
Date of publication, distribution, etc. 1966.
300 ## - PHYSICAL DESCRIPTION
Pagination ix, 371 p. ;
Size 24 cm.
504 ## - BIBLIOGRAPHY, ETC. NOTE
Bibliography, etc Includes bibliographical references.
650 #0 - SUBJECT ADDED ENTRY--TOPICAL TERM
Topical term or geographic name as entry element Public relations
General subdivision Corporations
-- Case studies.
9 (RLIN) 59153
Topical term or geographic name as entry element Industrial policy
General subdivision Case studies.
9 (RLIN) 59154
Topical term or geographic name as entry element Industries
General subdivision Social aspects
-- Case studies.
9 (RLIN) 47680
700 1# - ADDED ENTRY--PERSONAL NAME
Personal name Peterffy, George von.
942 ## - ADDED ENTRY ELEMENTS (KOHA)
Source of classification or shelving scheme Dewey Decimal Classification
Koha item type Books
Holdings
Lost status Source of classification or shelving scheme Damaged status Not for loan Collection code Permanent Location Current Location Shelving location Date acquired Source of acquisition Cost, normal purchase price Total Checkouts Full call number Date last seen Copy number Koha item type
  Dewey Decimal Classification   Not For Loan Non-fiction Central Library, University of Rajshahi Central Library, University of Rajshahi Reading Room 06/03/1974 Canada gift 0.00   658 COP 1966 23/02/2014 C-1 Books